000 01375nam0a2200313 4500
001 RU\NLR\bibl\838350
005 20260406045113.0
010 _a5-317-01255-4
_9100
021 _aRU
_b2005-46468
_92279
035 _a(NLR Aleph) 000827179
090 _a1337890
_c1337890
100 _a20050908d2005 |||y0rusy50 ca
101 0 _arus
102 _aRU
105 _ay |||||||||
200 1 _aСодружество Независимых Государств
_eучебное пособие
_fВ.А. Михайлов, Ж.С. Сыздыкова
_gМГУ им. М.В. Ломоносова, Фак. мировой политики
210 _aМосква
_cМАКС Пресс
_d2005
215 _a722 с.
_d21
320 _aБиблиогр.: с. 704-722 (267 назв.)
601 0 2 _aСНГ
_jУчебные издания для высших учебных заведений
_xИстория
_92161213
_3RU\NLR\auth\661300656
686 _aТ3(2)74я73
700 1 _4070
_7ca
_8rus
_aМихайлов
_bВ. А.
_cд-р ист. наук
_f1938-
_gВячеслав Александрович
_9114811
_3RU\NLR\auth\774836
701 1 _aСыздыкова
_bЖ. С.
_gЖибек Сапарбековна
_4070
801 0 _aRU
_bNLR
_c20050908
_grcr
801 1 _aRU
_bNLR
_c20050908
830 _aавт. по кн.
942 _cBOOK
980 _aNB